| 000 | 01099cam a2200313 a 4500 | ||
|---|---|---|---|
| 001 | 1108777 | ||
| 003 | NUST | ||
| 005 | 20211002153809.0 | ||
| 008 | 931112s1994 cau b 001 0 eng | ||
| 010 | _a 93043995 | ||
| 020 |
_a0060663413 (alk. paper) : _c$22.00 ($29.50 Can.) |
||
| 020 | _a0060663421 (pbk.) | ||
| 038 | _aArshad | ||
| 040 |
_aDLC _cDLC _dDLC |
||
| 050 | 0 | 0 |
_aBL70 _b.N68 1994 |
| 082 | 0 | 0 |
_a291.82 _bNOV |
| 100 | 1 |
_aNovak, Philip. _96358 |
|
| 245 | 1 | 4 |
_aThe world's wisdom : _bsacred texts of the world's religions / _cPhilip Novak. |
| 250 | _a1st ed. | ||
| 260 |
_aSan Francisco, Calif : _bHarperSanFrancisco, _c1994. |
||
| 300 |
_axvi, 425 p. ; _c22 cm. |
||
| 504 | _aIncludes bibliographical references and index. | ||
| 563 | _aHBK | ||
| 650 | 0 |
_aSacred books. _96359 |
|
| 856 | 4 | 2 |
_3Publisher description _uhttp://www.loc.gov/catdir/description/hc044/93043995.html |
| 906 |
_a7 _bcbc _corignew _d1 _eocip _f19 _gy-gencatlg |
||
| 942 |
_2ddc _cBK |
||
| 999 |
_c586485 _d586485 |
||